Statistics for Most Popular Plastic Surgeries in the US

Click here to take the quiz!

General Stats

  • This quiz has been taken 1,006 times
  • The average score is 5 of 10

Answer Stats

HintAnswer% Correct
1.Breast Augmentation
90%
7.Breast Lift
90%
2.Nose Reshaping
85%
3.Liposuction
64%
5.Face Lift
61%
6.Tummy Tuck
55%
4.Eyelid Surgery
46%
10.Ear Surgery
25%
9.Forehead Lift
6%
8.Dermabrasion
1%

Score Distribution

Percentile by Number Answered

Percent of People with Each Score

Your Score History

You have not taken this quiz